Luc Besson. L'iniziazione, i sentimenti e la forma (Record n. 93055)
[ formato base ]
| 000 -LEADER | |
|---|---|
| fixed length control field | 01640nam a2200313Ia 4500 |
| 001 - CONTROL NUMBER | |
| control field | E9382 |
| 003 - CONTROL NUMBER IDENTIFIER | |
| control field | IT-RoPAU |
| 008 - FIXED-LENGTH DATA ELEMENTS--GENERAL INFORMATION | |
| fixed length control field | 130308s9999 xx 000 0 und d |
| 040 ## - CATALOGING SOURCE | |
| Original cataloging agency | IT-RoPAU |
| 040 ## - CATALOGING SOURCE | |
| Transcribing agency | IT-RoPAU |
| 041 ## - LANGUAGE CODE | |
| Language code of text/sound track or separate title | ITALIANO |
| 100 ## - MAIN ENTRY--PERSONAL NAME | |
| Personal name | AA.VV. |
| 100 ## - MAIN ENTRY--PERSONAL NAME | |
| Miscellaneous information | Codice Aut. SPICS: 12000 |
| 245 ## - TITLE STATEMENT | |
| Title | Luc Besson. L'iniziazione, i sentimenti e la forma |
| 245 ## - TITLE STATEMENT | |
| Remainder of title | Luc Besson. L'Iniziazione, I sentimenti e la Forma |
| 250 ## - EDITION STATEMENT | |
| Edition statement | 1a ed. |
| 260 ## - PUBLICATION, DISTRIBUTION, ETC. (IMPRINT) | |
| Place of publication, distribution, etc. | ROMA |
| 260 ## - PUBLICATION, DISTRIBUTION, ETC. (IMPRINT) | |
| Name of publisher, distributor, etc. | Sorbini Stefano Editore |
| 260 ## - PUBLICATION, DISTRIBUTION, ETC. (IMPRINT) | |
| Date of publication, distribution, etc. | 1997 [1° Ed.:1997 - Ed.Ling.Originale:1997] |
| 300 ## - PHYSICAL DESCRIPTION | |
| Extent | "160 p. (prefazione: no ; testo: 160)" |
| 500 ## - GENERAL NOTE | |
| General note | Monografia del regista Francese Luc Besson, che Ha Esordito a 21 Anni (Piu' giovane in Assoluto) ed è L'Alfiere della Nuova Cinematografia Visionaria Europea. ricostruzione del suo Percorso e Analisi Approfondita del suo Cinema Amato Soprattutto Dalle nuove Generazioni. Note biografiche del Regista. interviste a cura di Marco Martani con Il regista che parla dei Suoi Film e della Sua Esperienza Cinematografica. Antologia Critica a cura di Andrea Taglacozzo. Schede e recensioni dei Suoi Film: le Dernier Combat, Subway,Le grand Bleu, Nikita, Atlantis, Leon, Il quinto Elemento (Le Cinquieme Element). Alieno in un Mondo di Alieni di Federico Chiacchiari. Il Gioco e Ilrito di Luciano Barisone. Note sull'attore Jean Reno e Sul Musicista Eric Serra. Filmografia e Videografia. Bibliografia. |
| 650 ## - SUBJECT ADDED ENTRY--TOPICAL TERM | |
| Topical term or geographic name as entry element | AUTORI/OPERE DEL CINEMA |
| 650 ## - SUBJECT ADDED ENTRY--TOPICAL TERM | |
| Relator term | Codice materia Spics: 6807 |
| 700 ## - ADDED ENTRY--PERSONAL NAME | |
| Personal name | Martani Marco |
| 700 ## - ADDED ENTRY--PERSONAL NAME | |
| Miscellaneous information | Codice Aut. SPICS: 26823 |
| 942 ## - ADDED ENTRY ELEMENTS (KOHA) | |
| Koha item type | LIBRO |
| 957 ## - | |
| -- | 1 |
| 999 ## - SYSTEM CONTROL NUMBERS (KOHA) | |
| -- | 1 |
| Withdrawn status | Lost status | Damaged status | Not for loan | Home library | Current library | Date acquired | Total Checkouts | Full call number | Date last seen | Price effective from | Koha item type | Public note |
|---|---|---|---|---|---|---|---|---|---|---|---|---|
| Buone Condizioni | Not For Loan | SPICS-MEDIATECA | SPICS-MEDIATECA | 08/03/2013 | E9382 | 08/03/2013 | 08/03/2013 | LIBRO | Progressivo inserimento: 35453 / N. Volumi: 1 Copie: 1 / data import: 1 marzo 2013 - By Epidotti, Trombetti, Vaglietti. |